00644nam a2200217Ia 450000500170000000800410001702000180005804100120007608200170008810000170010524500940012225000120021626000550022830000160028344000280029965000190032765000240034665000210037065000150039170000200040620260429111932.0260429s9999||||xx |||||||||||||| ||und|| a9789359786391 aEnglish a294.543bSIN aSingh Vikram 0aYoga texts - I : bprincipal Upanishads, bhagavad gita and yoga Vasishta / cSingh Vikram a1st ed. aNew Delhi : bFriends Publications (India),c2024. a304 p.; pbk aInstant notes on yoga 2 a Bhagavad Gita a Hindu sacred texts a Yoga philosophy aUpanishads a Joshi, Navdeep